000 00703nam a2200289Ia 4500
005 20260324112411.0
008 008 260324s9999 xx 000 0 eng d
020 _a9781003246855
037 _aEBOOK
040 _aCRL
040 _beng
040 _cCRL
041 _2eng
041 _aeng
084 _qCRL
100 _aMarian van Bakel
_91142536
245 0 _aBreaking out of the Expat Bubble
245 0 _bHow to Make Intercultural Connections and Friends
260 _bTaylor and Francis
260 _c2024
365 _a
365 _b230
856 _uhttp://www.taylorfrancis.com/books/9781003246855
942 _cEBOOK
999 _c1731728
_d1731728